| 000 | 02431cam a22004334a 4500 | ||
|---|---|---|---|
| 003 | PE-LiUPU | ||
| 005 | 20250731184611.0 | ||
| 008 | 080528s2007 pe a b 000 0 spa | ||
| 020 | _a9786124466076 | ||
| 040 |
_aPE-LiUPU _cPE-LiUPU _bspa _dPE-LiUPU _erda |
||
| 043 | _as-pe--- | ||
| 082 |
_223 _a985.34 _bM672c |
||
| 245 |
_aILO: 50 años creando futuro : _b 1970-2020 / _cUniversidad Nacional de Moquegua |
||
| 250 | _aPrimera edición | ||
| 264 |
_aMoquegua : _bUniversidad Nacional de Moquegua, _c2020. |
||
| 300 |
_a563 páginas : _bilustrado, cuadros, fotos ; _c24 centímetros. |
||
| 504 | _aBibliografía al final de algunos capítulos. | ||
| 505 | _aIlo: cincuenta años de consolidación -- La provincia de Ilo -- Apuntes sobre la historia de Ilo -- Retazos de la historia de Ilo: 1970-2020 -- Ilo: Pasado y futuro -- Breve historia económica de Ilo -- La refinería de cobre de Ilo: ¡Inicios y recuerdos! -- La integración latinoamericana -- Proyecto Ilo, perspectivas y desarrollo -- Participación, gestión urbano-ambiental, y desarrollo urbano de Ilo 1981-2001 -- Factores claves del desarrollo local de Ilo -- Impacto ambiental en el puerto de Ilo -- El algarrobal: cómo poner en valor social el patrimonio cultural y natural para el desarrollo territorial -- Evolución de la población de la provincia de Ilo: 1972-2017 -- Reflexiones, ideas y propuestas para la pospandemia en Ilo. | ||
| 520 | _aSe ofrecen los datos de campo recolectados durante la excavación arqueológica realizada al sur del Perú, en la quebrada Chuza (Ilo, Moquegua). Se hallaron una serie de vestigios de la cultura Chiribaya, traducidos en restos óseos, fragmentos cerámicos, restos de fogones y huellas de entierros. | ||
| 526 | _aP136 | ||
| 526 | _aP135 | ||
| 526 | _aP134 | ||
| 526 | _aP133 | ||
| 526 | _aP144 | ||
| 526 | _aP143 | ||
| 526 | _aP87 | ||
| 526 | _aP35 | ||
| 526 | _aP20 | ||
| 526 | _aP14 | ||
| 526 | _aP10 | ||
| 526 | _aP06 | ||
| 651 | 0 |
_aIlo (Perú : provincia) _xDescripciones y viajes _91012 |
|
| 651 | 0 |
_aIlo (Perú : provincia) _xHistoria _91012 |
|
| 651 | 0 |
_aIlo (Perú : provincia) _xCondiciones sociales _91012 |
|
| 700 | 1 | _aUmire, Adán. | |
| 942 |
_2ddc _cBK _n0 |
||
| 999 |
_c61767 _d61767 |
||
| 980 |
_618226 _aJaime Vilcazán Jefe de Análisis Documental _81 _gALBERTO SANCHEZ Responsable de Automatización |
||